[Event "Moscow Blondes-Brunettes m 13th"]
[Site "Moscow"]
[Date "2024.03.14"]
[Round "3.3"]
[White "Badelka, Olga"]
[Black "Nechaeva, Marina"]
[Result "1-0"]
[WhiteElo "2377"]
[BlackElo "2364"]
[PlyCount "118"]
[EventDate "2024.03.14"]
[EventType "schev (blitz)"]
[EventRounds "8"]
[EventCountry "RUS"]
[SourceTitle "CB13_2024"]
[SourceDate "2024.03.27"]
[SourceVersion "1"]
[SourceVersionDate "2024.03.27"]
[SourceQuality "1"]
[WhiteTeam "Blondes"]
[BlackTeam "Brunettes"]
[WhiteTeamCountry "RUS"]
[BlackTeamCountry "RUS"]

1. d4 Nf6 2. c4 e6 3. Nc3 Bb4 4. a3 Bxc3+ 5. bxc3 c5 6. f3 Nc6 7. e4 d6 8. Ne2 Qe7 9. Ng3 b6 10. Be3 h6 11. Bd3 Bb7 12. f4 Na5 13. e5 dxe5 14. fxe5 Nd7 15. 0-0 0-0-0 16. Qe2 Kb8 17. Ne4 Bxe4 18. Bxe4 f5 19. exf6 gxf6 20. Bf3 e5 21. Bf2 Rhe8 22. Qe4 Kc7 23. Rfe1 Rf8 24. Qf5 Rde8 25. Bg3 Qe6 26. Qh5 Qxc4 27. dxe5 Nxe5 28. Rxe5 fxe5 29. Bxe5+ Rxe5 30. Qxe5+ Kc8 31. Rd1 Nb7 32. Qg7 Rxf3 33. gxf3 Na5 34. Qd7+ Kb8 35. Qd6+ Kb7 36. Qd5+ Qxd5 37. Rxd5 Nc4 38. a4 Nb2 39. f4 Nxa4 40. c4 Nc3 41. Rd7+ Kc6 42. Rxa7 Ne2+ 43. Kf2 Nxf4 44. Rh7 h5 45. Ke3 Ne6 46. Rxh5 Nd4 47. Rh6+ Kc7 48. Ke4 b5 49. cxb5 Nxb5 50. Kd5 Nc3+ 51. Kxc5 Kd7 52. Kd4 Ne2+ 53. Ke3 Nc3 54. Kf4 Ke7 55. Ke5 Kf7 56. Rc6 Ne2 57. Rc2 Ng1 58. Kf4 Kg6 59. Ke4 Kf6 1-0

[Event "Ugra-Mongolia (Women) m"]
[Site "Khanty-Mansiysk"]
[Date "2023.12.11"]
[Round "2.2"]
[White "Bayarmaa, Bayarjargal"]
[Black "Nechaeva, Marina"]
[Result "0-1"]
[WhiteElo "2091"]
[BlackElo "2364"]
[PlyCount "80"]
[EventDate "2023.12.11"]
[EventType "schev (rapid)"]
[EventRounds "6"]
[EventCountry "RUS"]
[SourceTitle "CB51_2023"]
[SourceDate "2023.12.20"]
[SourceVersion "1"]
[SourceVersionDate "2023.12.20"]
[SourceQuality "1"]
[WhiteTeam "Mongolia"]
[BlackTeam "Ugra"]
[WhiteTeamCountry "MGL"]
[BlackTeamCountry "RUS"]

1. d4 Nf6 2. c4 e6 3. Nf3 b6 4. g3 Ba6 5. Qa4 Bb7 6. Bg2 c5 7. e3 Be7 8. dxc5 bxc5 9. 0-0 0-0 10. Nc3 Qb6 11. Qc2 Nc6 12. Rd1 Rfd8 13. b3 Rac8 14. Bb2 d6 15. Rac1 a6 16. Qb1 Qa7 17. Rd2 h6 18. Rcd1 Qb8 19. Na4 Qc7 20. Nc3 Nb4 21. Ba1 Rb8 22. Ne1 Bxg2 23. Nxg2 Nc6 24. Ne2 Qb7 25. Nef4 a5 26. Bxf6 Bxf6 27. Rxd6 Rxd6 28. Rxd6 Ne5 29. Qd1 Be7 30. Ne1 Bxd6 31. Qxd6 Nc6 32. Ned3 Rd8 33. Nxc5 Qb6 34. Na4 Qb7 35. Qc5 Rd1+ 36. Kg2 Ne5+ 37. Kh3 Nf3 38. Qh5 Ng5+ 39. Kg4 Rh1 40. Nd3 Qf3+ 0-1

[Event "Ugra-Mongolia (Women) m"]
[Site "Khanty-Mansiysk"]
[Date "2023.12.11"]
[Round "3.2"]
[White "Nechaeva, Marina"]
[Black "Khulan, Enkhsaikhan"]
[Result "1/2-1/2"]
[WhiteElo "2364"]
[BlackElo "2074"]
[PlyCount "97"]
[EventDate "2023.12.11"]
[EventType "schev (rapid)"]
[EventRounds "6"]
[EventCountry "RUS"]
[SourceTitle "CB51_2023"]
[SourceDate "2023.12.20"]
[SourceVersion "1"]
[SourceVersionDate "2023.12.20"]
[SourceQuality "1"]
[WhiteTeam "Ugra"]
[BlackTeam "Mongolia"]
[WhiteTeamCountry "RUS"]
[BlackTeamCountry "MGL"]

1. d4 d5 2. c4 c6 3. Nf3 Nf6 4. e3 g6 5. Nc3 Bg7 6. Be2 0-0 7. 0-0 Bf5 8. b3 Nbd7 9. a4 Ne4 10. Bb2 Nxc3 11. Bxc3 dxc4 12. bxc4 c5 13. Qb3 Qb6 14. Qa3 Rfe8 15. a5 Qc7 16. d5 Bxc3 17. Qxc3 e6 18. Nh4 Qe5 19. Qb3 exd5 20. Nxf5 Qxf5 21. Qxb7 dxc4 22. Bxc4 Ne5 23. Bd5 Rad8 24. e4 Qd7 25. Rab1 Re7 26. Qb3 Nc6 27. Rfd1 Qc7 28. Bxc6 Rxd1+ 29. Rxd1 Qxc6 30. f3 c4 31. Qc3 Re8 32. h4 Rc8 33. Rd5 Qb7 34. h5 Qb1+ 35. Kh2 Qb8+ 36. Kh3 Qf4 37. g3 Qh6 38. f4 Qg7 39. Qd2 c3 40. Rd8+ Rxd8 41. Qxd8+ Qf8 42. Qc7 gxh5 43. Qxc3 Qd8 44. Qe5 Qd1 45. Qg5+ Kf8 46. Qh6+ Kg8 47. Qg5+ Kf8 48. Qh6+ Kg8 49. Qg5+ 1/2-1/2

[Event "Moscow Dokhoian Memorial Blitz"]
[Site "Moscow"]
[Date "2023.12.09"]
[Round "9"]
[White "Borisova, Ekaterina"]
[Black "Nechaeva, Marina"]
[Result "0-1"]
[WhiteElo "2168"]
[BlackElo "2364"]
[PlyCount "114"]
[EventDate "2023.12.09"]
[EventType "tourn (blitz)"]
[EventRounds "11"]
[EventCountry "RUS"]
[EventCategory "5"]
[SourceTitle "CB50_2023"]
[SourceDate "2023.12.13"]
[SourceVersion "1"]
[SourceVersionDate "2023.12.13"]
[SourceQuality "1"]

1. Nf3 Nf6 2. c4 c6 3. g3 d5 4. Bg2 Bf5 5. 0-0 e6 6. cxd5 exd5 7. d3 Be7 8. Qb3 Qb6 9. Qc2 Nbd7 10. Nc3 0-0 11. e4 Bg6 12. Be3 Qd8 13. Rad1 Bh5 14. Ne2 Re8 15. h3 Bf8 16. g4 Bg6 17. e5 Nxe5 18. Nxe5 Rxe5 19. Bd4 Re8 20. f4 h6 21. f5 Bh7 22. Nf4 Bd6 23. a3 c5 24. Bc3 d4 25. Be1 Qc7 26. Ne2 Re3 27. Bf2 Re7 28. Rd2 Rae8 29. Nc1 g6 30. fxg6 Bxg6 31. b4 cxb4 32. Qxc7 Bxc7 33. axb4 Bb6 34. Bh4 Nh7 35. Bxe7 Rxe7 36. Bd5 Ng5 37. Kg2 Ne6 38. Rc2 Kg7 39. Nb3 Nc7 40. Bf3 Bxd3 41. Rfc1 Bxc2 42. Rxc2 Nb5 43. Rd2 Re3 44. Nc1 Nd6 45. Nd3 a5 46. bxa5 Bxa5 47. Rd1 Bc3 48. Nf4 b5 49. Nd5 Re6 50. Nf4 Rf6 51. Nh5+ Kg6 52. Nxf6 Kxf6 53. Be2 b4 54. Rb1 Ke5 55. Bd3 Ne4 56. Ra1 Nc5 57. Bf5 Bxa1 0-1

[Event "Moscow Dokhoian Memorial Blitz"]
[Site "Moscow"]
[Date "2023.12.09"]
[Round "7"]
[White "Lagno, Kateryna"]
[Black "Nechaeva, Marina"]
[Result "1-0"]
[WhiteElo "2542"]
[BlackElo "2364"]
[PlyCount "53"]
[EventDate "2023.12.09"]
[EventType "tourn (blitz)"]
[EventRounds "11"]
[EventCountry "RUS"]
[EventCategory "5"]
[SourceTitle "CB50_2023"]
[SourceDate "2023.12.13"]
[SourceVersion "1"]
[SourceVersionDate "2023.12.13"]
[SourceQuality "1"]

1. e4 c5 2. Nf3 d6 3. d4 cxd4 4. Nxd4 Nf6 5. Nc3 a6 6. f4 e5 7. Nf3 Nbd7 8. a4 Be7 9. Bc4 0-0 10. 0-0 exf4 11. Bxf4 Qb6+ 12. Kh1 Qxb2 13. Nd5 Nxd5 14. Bxd5 Qb6 15. Nd4 Ne5 16. Ra3 Bg4 17. Qd2 Bh5 18. Rb3 Qc5 19. Rxb7 Bf6 20. Nf5 Rab8 21. Rxb8 Rxb8 22. Nxd6 Rf8 23. c4 Bg6 24. Bxe5 Bxe5 25. Nf5 Bxf5 26. Rxf5 g6 27. Rxe5 1-0

[Event "Moscow Dokhoian Memorial Blitz"]
[Site "Moscow"]
[Date "2023.12.09"]
[Round "8"]
[White "Nechaeva, Marina"]
[Black "Gunina, Valentina"]
[Result "0-1"]
[WhiteElo "2364"]
[BlackElo "2437"]
[PlyCount "138"]
[EventDate "2023.12.09"]
[EventType "tourn (blitz)"]
[EventRounds "11"]
[EventCountry "RUS"]
[EventCategory "5"]
[SourceTitle "CB50_2023"]
[SourceDate "2023.12.13"]
[SourceVersion "1"]
[SourceVersionDate "2023.12.13"]
[SourceQuality "1"]

1. d4 d5 2. c4 c6 3. Nf3 Nf6 4. e3 Bf5 5. Nc3 e6 6. Nh4 Be4 7. f3 Bg6 8. Qb3 Qc7 9. Bd2 a5 10. Nxg6 hxg6 11. Kf2 Nbd7 12. g3 Bd6 13. Kg2 dxc4 14. Qxc4 0-0 15. Rc1 Rac8 16. a4 e5 17. Bd3 exd4 18. exd4 Bb4 19. Bf4 Qd8 20. Rcd1 Nb6 21. Qb3 Nbd5 22. Bc1 Re8 23. Rhe1 Rxe1 24. Rxe1 Qb6 25. Nxd5 cxd5 26. Rd1 Qe6 27. Bf4 Nd7 28. Bb5 Nb6 29. Qd3 Nc4 30. Bxc4 Rxc4 31. Rc1 Rxc1 32. Bxc1 Qc6 33. Qd1 f6 34. Be3 Kf7 35. b3 Qc3 36. Bf2 g5 37. g4 b6 38. Qb1 g6 39. Qd1 Qb2 40. Kg1 Bc3 41. h3 Bd2 42. Kf1 Bf4 43. Qd3 Ke7 44. Qe2+ Qxe2+ 45. Kxe2 Kd6 46. Kd3 Kc6 47. Be1 Bd6 48. h4 gxh4 49. Bxh4 Be7 50. f4 Kd7 51. f5 gxf5 52. gxf5 Ke8 53. Bg3 Bd8 54. Kc3 Kf7 55. Kd3 Kg7 56. Ke3 Kh6 57. Bf4+ Kh5 58. Kf3 Kh4 59. Be3 Bc7 60. Bh6 Bd6 61. Be3 Kh5 62. Bd2 Bc7 63. Be3 Kh4 64. Bh6 Bd6 65. Be3 Bh2 66. Bd2 Bg1 67. Bc3 Kg5 68. b4 axb4 69. Bxb4 Bxd4 0-1

[Event "RUS-ch (Women) 73rd"]
[Site "St Petersburg"]
[Date "2023.10.09"]
[Round "8"]
[White "Pogonina, Natalija"]
[Black "Nechaeva, Marina"]
[Result "1/2-1/2"]
[WhiteElo "2432"]
[BlackElo "2361"]
[PlyCount "107"]
[EventDate "2023.10.01"]
[EventType "tourn"]
[EventRounds "11"]
[EventCountry "RUS"]
[EventCategory "4"]
[SourceTitle "EXT 2024"]
[Source "ChessBase"]
[SourceDate "2023.10.10"]
[SourceVersion "1"]
[SourceVersionDate "2023.10.10"]
[SourceQuality "1"]

1. Nf3 Nf6 2. c4 e6 3. Nc3 d5 4. d4 dxc4 5. e3 c5 6. Bxc4 a6 7. a4 Nc6 8. 0-0 Be7 9. dxc5 Qxd1 10. Rxd1 Bxc5 11. Bd2 b6 12. Bd3 Nb4 13. Be4 Ra7 14. Ne5 0-0 15. Rac1 Bb7 16. Bxb7 Rxb7 17. Be1 g6 18. Kf1 Rc8 19. Ne2 Rbc7 20. Rc4 a5 21. e4 Be7 22. Rxc7 Rxc7 23. f3 Na6 24. Nc3 Nc5 25. Bf2 Nfd7 26. Nb5 Rb7 27. Nc6 Kf8 28. Nxe7 Kxe7 29. Rd4 Nb3 30. Rd1 Nbc5 31. Nc3 Rc7 32. Ke2 Rc6 33. Bg3 e5 34. Bf2 Ke6 35. Be3 Rd6 36. Rxd6+ Kxd6 37. Kd2 h5 38. Kc2 f5 39. exf5 gxf5 40. b3 Ne6 41. Kd3 Kc6 42. h3 Nf6 43. Kc4 f4 44. Bf2 Ng7 45. g4 fxg3 46. Bxg3 Nd7 47. Ne4 Nf5 48. Bf2 h4 49. Ng5 Nd6+ 50. Kc3 Nf5 51. Kc4 Nd6+ 52. Kc3 Nf5 53. Kc4 Nd6+ 54. Kc3 1/2-1/2

[Event "RUS-ch (Women) 73rd"]
[Site "St Petersburg"]
[Date "2023.10.04"]
[Round "4"]
[White "Badelka, Olga"]
[Black "Nechaeva, Marina"]
[Result "1-0"]
[WhiteElo "2386"]
[BlackElo "2361"]
[PlyCount "109"]
[EventDate "2023.10.01"]
[EventType "tourn"]
[EventRounds "11"]
[EventCountry "RUS"]
[EventCategory "4"]
[SourceTitle "EXT 2024"]
[Source "ChessBase"]
[SourceDate "2023.10.10"]
[SourceVersion "1"]
[SourceVersionDate "2023.10.10"]
[SourceQuality "1"]

1. e4 c6 2. Nf3 d5 3. Nc3 Bg4 4. h3 Bxf3 5. Qxf3 e6 6. Be2 Bc5 7. 0-0 Ne7 8. Na4 Bd6 9. d4 dxe4 10. Qxe4 Nd7 11. Rd1 0-0 12. c4 Nf6 13. Qf3 Nf5 14. Nc3 a6 15. g3 Qe7 16. Bd3 Nxd4 17. Bxh7+ Nxh7 18. Rxd4 Be5 19. Re4 Ng5 20. Bxg5 Qxg5 21. Rae1 Bxc3 22. Qxc3 Rad8 23. Rg4 Qh6 24. h4 Rfe8 25. Rd4 Qh5 26. Re5 Qh6 27. Re3 c5 28. Rd2 Rxd2 29. Qxd2 Qf6 30. Qd7 Qe7 31. Rd3 Kf8 32. a3 f6 33. Kg2 Kf7 34. Rd6 f5 35. Kf3 Kf6 36. Ke3 Qxd7 37. Rxd7 Re7 38. Rd8 Rc7 39. Rb8 e5 40. f3 Ke6 41. Re8+ Kf6 42. Rf8+ Ke6 43. h5 Rd7 44. Rc8 b6 45. g4 fxg4 46. fxg4 Rd6 47. Rc7 Kf6 48. b3 Rd4 49. Rc6+ Kf7 50. g5 Rh4 51. g6+ Ke7 52. Rxb6 Rxh5 53. Rxa6 Rh3+ 54. Ke4 Rxb3 55. Kxe5 1-0

[Event "RUS-ch (Women) 73rd"]
[Site "St Petersburg"]
[Date "2023.10.02"]
[Round "2"]
[White "Bivol, Alina"]
[Black "Nechaeva, Marina"]
[Result "1-0"]
[WhiteElo "2373"]
[BlackElo "2361"]
[PlyCount "89"]
[EventDate "2023.10.01"]
[EventType "tourn"]
[EventRounds "11"]
[EventCountry "RUS"]
[EventCategory "4"]
[SourceTitle "EXT 2024"]
[Source "ChessBase"]
[SourceDate "2023.10.10"]
[SourceVersion "1"]
[SourceVersionDate "2023.10.10"]
[SourceQuality "1"]

1. e4 c6 2. d4 d5 3. f3 e6 4. Nc3 Bb4 5. Bd2 Ne7 6. a3 Ba5 7. Bd3 Nd7 8. f4 0-0 9. e5 f5 10. Nf3 Bxc3 11. Bxc3 c5 12. 0-0 Nc6 13. Be2 b6 14. b4 a6 15. Be1 c4 16. a4 Re8 17. c3 Nf8 18. Kh1 Ne7 19. Bh4 Nfg6 20. Bxe7 Qxe7 21. Qd2 Rf8 22. Ng5 Bd7 23. a5 b5 24. Qe3 h6 25. Nh3 Nh8 26. g4 g6 27. Qg3 Kh7 28. Rg1 Rg8 29. Rg2 Rg7 30. Rag1 Rf8 31. Bf3 fxg4 32. Bxg4 Be8 33. Bd1 Rgg8 34. Bc2 Rg7 35. Nf2 h5 36. Nh3 Kg8 37. Qf2 Qf7 38. Rg5 Qe7 39. f5 exf5 40. Nf4 Rff7 41. Qg2 Qb7 42. h4 Re7 43. Kh2 Kf8 44. Bd1 Kg8 45. Bf3 1-0

[Event "Moscow Blondes-Brunettes m 12th"]
[Site "Moscow"]
[Date "2023.04.02"]
[Round "4.3"]
[White "Drozdova, Dina"]
[Black "Nechaeva, Marina"]
[Result "1-0"]
[WhiteElo "2178"]
[BlackElo "2368"]
[PlyCount "68"]
[EventDate "2023.04.02"]
[EventType "schev (blitz)"]
[EventRounds "9"]
[EventCountry "RUS"]
[SourceTitle "CBM 213 Extra"]
[Source "ChessBase"]
[SourceDate "2023.05.31"]
[SourceVersion "1"]
[SourceVersionDate "2023.05.31"]
[SourceQuality "1"]
[WhiteTeam "Blondes"]
[BlackTeam "Brunettes"]
[WhiteTeamCountry "RUS"]
[BlackTeamCountry "RUS"]

1. d4 Nf6 2. c4 e6 3. Nc3 Bb4 4. Qc2 c5 5. Nf3 0-0 6. dxc5 Na6 7. Bg5 Nxc5 8. e3 Nce4 9. Bd3 Bxc3+ 10. bxc3 Nxg5 11. Nxg5 h6 12. Nf3 Qc7 13. 0-0 b6 14. Rab1 d6 15. Nd4 Bd7 16. Rfd1 e5 17. Nb5 Bxb5 18. cxb5 Rac8 19. Rbc1 d5 20. Bf5 Rcd8 21. Qa4 Rd6 22. h4 Rfd8 23. Qb4 g6 24. Bh3 Kg7 25. c4 d4 26. c5 bxc5 27. Rxc5 Qe7 28. Rc6 Nd5 29. Qc5 Rxc6 30. Qxc6 Nc3 31. Re1 Qd6 32. exd4 exd4 33. Qc4 Qd5 34. Qd3 Qxb5 1-0

[Event "Cheliabinsk Evenings (Women)"]
[Site "Cheliabinsk"]
[Date "2022.12.07"]
[Round "9"]
[White "Afonasieva, Anna"]
[Black "Nechaeva, Marina"]
[Result "0-1"]
[WhiteElo "2147"]
[BlackElo "2373"]
[PlyCount "96"]
[EventDate "2022.11.29"]
[EventType "tourn"]
[EventRounds "9"]
[EventCountry "RUS"]
[EventCategory "1"]
[SourceTitle "CBM 211 Extra"]
[Source "ChessBase"]
[SourceDate "2023.01.31"]
[SourceVersion "1"]
[SourceVersionDate "2023.01.31"]
[SourceQuality "1"]

1. e4 c5 2. Nc3 d6 3. f4 Nc6 4. Nf3 g6 5. Bc4 Bg7 6. 0-0 e6 7. d3 Nge7 8. Qe1 0-0 9. f5 gxf5 10. Qh4 fxe4 11. dxe4 Ng6 12. Qh5 f6 13. Rd1 Qe7 14. Be3 a6 15. a4 Nce5 16. Ba2 Bd7 17. a5 Kh8 18. Rd2 Bc6 19. Rad1 Rad8 20. Nxe5 Nxe5 21. Qh4 Rd7 22. Ne2 c4 23. b4 Rg8 24. Ng3 d5 25. exd5 Bxd5 26. c3 Qf7 27. Bb1 f5 28. Bd4 Ng6 29. Bxg7+ Rxg7 30. Qd4 Ne7 31. Qf4 Rd8 32. Ba2 Rc8 33. Bb1 Rcg8 34. Rf2 Nc6 35. Qe3 Rg4 36. Rxd5 exd5 37. Bxf5 R4g5 38. Bc2 Qg7 39. Qf3 d4 40. Be4 dxc3 41. Ne2 Nd4 42. Nxd4 Qxd4 43. g3 Re8 44. Bc2 Re1+ 45. Kg2 Qd5 46. h4 Rge5 47. Ba4 Qxf3+ 48. Rxf3 R5e2+ 0-1

[Event "Cheliabinsk Evenings (Women)"]
[Site "Cheliabinsk"]
[Date "2022.12.02"]
[Round "4"]
[White "Nechaeva, Marina"]
[Black "Yakimova, Mariya"]
[Result "1-0"]
[WhiteElo "2373"]
[BlackElo "2234"]
[PlyCount "123"]
[EventDate "2022.11.29"]
[EventType "tourn"]
[EventRounds "9"]
[EventCountry "RUS"]
[EventCategory "1"]
[SourceTitle "CBM 211 Extra"]
[Source "ChessBase"]
[SourceDate "2023.01.31"]
[SourceVersion "1"]
[SourceVersionDate "2023.01.31"]
[SourceQuality "1"]

1. d4 Nf6 2. c4 e6 3. Nc3 Bb4 4. Qc2 h6 5. a3 Bxc3+ 6. Qxc3 d5 7. Nf3 0-0 8. e3 Nbd7 9. Qc2 Re8 10. cxd5 exd5 11. Bd3 Ne4 12. 0-0 Ndf6 13. b4 Bf5 14. b5 Rc8 15. Ne5 Bh7 16. a4 Nd7 17. Bb2 Nxe5 18. dxe5 c5 19. bxc6 bxc6 20. f3 Ng5 21. Bxh7+ Nxh7 22. f4 Qb6 23. Rf3 c5 24. h4 Nf8 25. Qf2 Rb8 26. Bc3 Qb3 27. e4 dxe4 28. Rg3 Qc4 29. f5 Rb3 30. Rc1 Kh8 31. e6 f6 32. Qf4 Nxe6 33. fxe6 Qxe6 34. Qc7 Re7 35. Qxc5 e3 36. Bd4 e2 37. Bf2 Rxg3 38. Bxg3 Rd7 39. Qc8+ Kh7 40. Qc2+ Kh8 41. Qc8+ Kh7 42. Re1 f5 43. Kh2 Re7 44. Qxe6 Rxe6 45. h5 Re4 46. Ra1 a6 47. Be1 Kg8 48. a5 Kf7 49. Rb1 Kf6 50. Rb6+ Kg5 51. Rxa6 Kxh5 52. Rb6 g5 53. Rb4 Re6 54. Ra4 Ra6 55. Ra2 Kg4 56. Rxe2 f4 57. Rb2 h5 58. Rb6 Ra8 59. a6 h4 60. Bf2 f3 61. a7 fxg2 62. Rb8 1-0

[Event "Cheliabinsk Evenings (Women)"]
[Site "Cheliabinsk"]
[Date "2022.12.01"]
[Round "3"]
[White "Nechaeva, Marina"]
[Black "Voit, Daria"]
[Result "1/2-1/2"]
[WhiteElo "2373"]
[BlackElo "2347"]
[PlyCount "93"]
[EventDate "2022.11.29"]
[EventType "tourn"]
[EventRounds "9"]
[EventCountry "RUS"]
[EventCategory "1"]
[SourceTitle "CBM 211 Extra"]
[Source "ChessBase"]
[SourceDate "2023.01.31"]
[SourceVersion "1"]
[SourceVersionDate "2023.01.31"]
[SourceQuality "1"]

1. d4 Nf6 2. c4 e6 3. Nc3 Bb4 4. Qc2 d5 5. cxd5 Qxd5 6. Nf3 Qf5 7. Qb3 Nc6 8. Bd2 0-0 9. h3 a5 10. g4 Qg6 11. a3 a4 12. Qd1 Bxc3 13. Bxc3 Nd5 14. Bd2 Bd7 15. Bg2 f5 16. g5 Ra6 17. Rc1 f4 18. h4 Rb6 19. h5 Qe4 20. Qc2 Qxc2 21. Rxc2 Rb3 22. Bc1 Kf7 23. Rc4 Ke7 24. Nd2 Rb5 25. Be4 Nb6 26. Rc5 Nxd4 27. Rxc7 Rxg5 28. Nf3 Nxf3+ 29. Bxf3 Kd6 30. Rxb7 Nc4 31. Bd2 Nxd2 32. Kxd2 Rb5 33. Rxb5 Bxb5 34. Rg1 Rf7 35. Kc3 Bc6 36. Bxc6 Kxc6 37. Rg5 Rf5 38. Rxg7 Rxh5 39. f3 Rc5+ 40. Kd3 Rd5+ 41. Ke4 Rd2 42. Rxh7 Rxb2 43. Ra7 Rxe2+ 44. Kxf4 Kb5 45. Rb7+ Ka5 46. Ra7+ Kb5 47. Rb7+ 1/2-1/2

[Event "RUS-chT Rapid (Women)"]
[Site "Sochi"]
[Date "2022.10.18"]
[Round "4.4"]
[White "Borisova, Ekaterina"]
[Black "Nechaeva, Marina"]
[Result "1-0"]
[WhiteElo "2234"]
[BlackElo "2373"]
[PlyCount "53"]
[EventDate "2022.10.18"]
[EventType "team-swiss (rapid)"]
[EventRounds "9"]
[EventCountry "RUS"]
[SourceTitle "CBM 210 Extra"]
[Source "ChessBase"]
[SourceDate "2022.11.30"]
[SourceVersion "1"]
[SourceVersionDate "2022.11.30"]
[SourceQuality "1"]
[WhiteTeam "Moscow ShSM (W)"]
[BlackTeam "Yugra (W)"]
[WhiteTeamCountry "RUS"]
[BlackTeamCountry "RUS"]

1. d4 Nf6 2. c4 e6 3. g3 d5 4. Nf3 Be7 5. Bg2 0-0 6. 0-0 dxc4 7. Qc2 b5 8. a4 b4 9. Nfd2 Nd5 10. Nxc4 c5 11. dxc5 Ba6 12. e4 Nf6 13. Be3 Nbd7 14. Rd1 Qc7 15. Nbd2 Bxc5 16. Rac1 Rac8 17. Nb3 Bxe3 18. Nxe3 Qb6 19. Qd2 Nc5 20. Nxc5 Rxc5 21. Rxc5 Qxc5 22. Qd6 Qa5 23. e5 Nd5 24. Bxd5 exd5 25. Nxd5 g6 26. Ne7+ Kg7 27. Qf6+ 1-0

[Event "RUS-chT Rapid (Women)"]
[Site "Sochi"]
[Date "2022.10.18"]
[Round "2.8"]
[White "Yurasova, Daria"]
[Black "Nechaeva, Marina"]
[Result "1/2-1/2"]
[WhiteElo "2048"]
[BlackElo "2373"]
[PlyCount "140"]
[EventDate "2022.10.18"]
[EventType "team-swiss (rapid)"]
[EventRounds "9"]
[EventCountry "RUS"]
[SourceTitle "CBM 210 Extra"]
[Source "ChessBase"]
[SourceDate "2022.11.30"]
[SourceVersion "1"]
[SourceVersionDate "2022.11.30"]
[SourceQuality "1"]
[WhiteTeam "St Petersburg SShOR (W)"]
[BlackTeam "Yugra (W)"]
[WhiteTeamCountry "RUS"]
[BlackTeamCountry "RUS"]

1. Nf3 Nf6 2. b3 d5 3. Bb2 e6 4. e3 Be7 5. Be2 0-0 6. 0-0 b6 7. c4 Bb7 8. d3 c5 9. Nbd2 Nc6 10. cxd5 Nxd5 11. a3 Bf6 12. Qc2 Bxb2 13. Qxb2 Qe7 14. Rac1 Rfd8 15. Rfd1 h6 16. Nc4 Rac8 17. Bf1 Nf6 18. h3 Rc7 19. Nce5 Nxe5 20. Nxe5 Nd7 21. Nc4 Nb8 22. b4 Rdc8 23. bxc5 Rxc5 24. d4 R5c7 25. Ne5 Qd6 26. a4 Nc6 27. Nd3 Ba6 28. Nf4 Bxf1 29. Rxf1 Qb4 30. Qc2 Qd6 31. Qe4 Ne7 32. Ra1 Rc4 33. Qf3 Qc6 34. Qxc6 R8xc6 35. Nd3 Rc3 36. Ne5 Rc7 37. Rfb1 f6 38. Nf3 Nc6 39. Rd1 Nb4 40. Nd2 Rc2 41. Ne4 Nd5 42. a5 b5 43. Nc5 Kf7 44. a6 Nc3 45. Re1 e5 46. Kf1 b4 47. Rec1 Rxc1+ 48. Rxc1 exd4 49. exd4 Nb5 50. Rc4 b3 51. Rb4 Nxd4 52. Rb7 Nb5 53. Rxb5 b2 54. Rxb2 Rxc5 55. Rb7+ Kg6 56. Rxa7 h5 57. h4 Ra5 58. g3 Kh6 59. Kg2 g5 60. hxg5+ fxg5 61. Ra8 Kg7 62. f4 gxf4 63. gxf4 Rf5 64. a7 Rf7 65. Kh3 Kf6 66. Kg3 Kf5 67. Kh4 Kxf4 68. Kxh5 Kf5 69. Kh4 Kf4 70. Kh5 Kf5 1/2-1/2

[Event "RUS-chT Blitz (Women)"]
[Site "Sochi"]
[Date "2022.10.17"]
[Round "4.4"]
[White "Borisova, Ekaterina"]
[Black "Nechaeva, Marina"]
[Result "1/2-1/2"]
[WhiteElo "2234"]
[BlackElo "2373"]
[PlyCount "81"]
[EventDate "2022.10.17"]
[EventType "team-swiss (blitz)"]
[EventRounds "11"]
[EventCountry "RUS"]
[SourceTitle "CBM 210 Extra"]
[Source "ChessBase"]
[SourceDate "2022.11.30"]
[SourceVersion "1"]
[SourceVersionDate "2022.11.30"]
[SourceQuality "1"]
[WhiteTeam "Moscow ShSM (W)"]
[BlackTeam "Yugra (W)"]
[WhiteTeamCountry "RUS"]
[BlackTeamCountry "RUS"]

1. d4 d5 2. c4 e6 3. Nf3 a6 4. g3 dxc4 5. Bg2 Nc6 6. 0-0 Rb8 7. Nc3 Nf6 8. a4 Be7 9. e4 0-0 10. d5 exd5 11. e5 Ng4 12. Qxd5 Be6 13. Qe4 Qd3 14. Bf4 Bc5 15. h3 Nxf2 16. Rxf2 Bxf2+ 17. Kxf2 Nb4 18. Rd1 Qxe4 19. Nxe4 Nd3+ 20. Ke3 Nxb2 21. Ra1 Rfd8 22. Nd4 Bd5 23. Bg5 Re8 24. Bf4 c5 25. Nf5 Nd3 26. Nfd6 Red8 27. h4 Kf8 28. h5 f6 29. exf6 gxf6 30. Nf5 Nxf4 31. Kxf4 Kf7 32. Bf3 Bxe4 33. Bxe4 Rd2 34. Rc1 b5 35. axb5 axb5 36. Ra1 Rd7 37. Nh6+ Kg7 38. Nf5+ Kf7 39. Nh6+ Kg7 40. Nf5+ Kf7 41. Nh6+ 1/2-1/2

[Event "RUS-chT Blitz (Women)"]
[Site "Sochi"]
[Date "2022.10.17"]
[Round "5.3"]
[White "Getman, Tatyana"]
[Black "Nechaeva, Marina"]
[Result "1-0"]
[WhiteElo "2119"]
[BlackElo "2373"]
[PlyCount "127"]
[EventDate "2022.10.17"]
[EventType "team-swiss (blitz)"]
[EventRounds "11"]
[EventCountry "RUS"]
[SourceTitle "CBM 210 Extra"]
[Source "ChessBase"]
[SourceDate "2022.11.30"]
[SourceVersion "1"]
[SourceVersionDate "2022.11.30"]
[SourceQuality "1"]
[WhiteTeam "St Petersburg SShOR (W)"]
[BlackTeam "Yugra (W)"]
[WhiteTeamCountry "RUS"]
[BlackTeamCountry "RUS"]

1. d4 Nf6 2. c4 e6 3. Nc3 Bb4 4. e3 0-0 5. Nf3 Bxc3+ 6. bxc3 d6 7. Qc2 Re8 8. Bd3 e5 9. Nd2 Qe7 10. 0-0 e4 11. Be2 Bg4 12. Bxg4 Nxg4 13. h3 Nh6 14. f3 exf3 15. Rxf3 Nd7 16. Nf1 Nf6 17. Ng3 Ne4 18. Nxe4 Qxe4 19. Qxe4 Rxe4 20. Kf2 f6 21. a4 c6 22. a5 a6 23. Rb1 Re7 24. Ba3 Nf7 25. h4 Rd7 26. Ke2 Re8 27. Kd3 Nd8 28. Rb6 d5 29. cxd5 cxd5 30. Rf1 Nc6 31. Bb4 Rc8 32. Ra1 h5 33. Bc5 Kh7 34. Ra2 Kg6 35. Rb1 Re8 36. Rf1 Re4 37. g3 Rg4 38. Rf3 Re4 39. c4 Re8 40. cxd5 Rxd5 41. Kc4 Rd7 42. Bb6 Re4 43. Rf1 Ne5+ 44. Kc3 Ng4 45. Rf3 Nxe3 46. Kd3 Re6 47. Rxe3 Rc6 48. Rc2 Rcd6 49. Rc8 Rd5 50. Ree8 Rb5 51. Rcd8 Rf7 52. Kc4 Rb1 53. d5 Rc1+ 54. Kd3 Rf1 55. d6 Rf3+ 56. Re3 Rf5 57. Re4 Rf3+ 58. Re3 Rf5 59. Ke2 Rd5 60. Rd3 Rxd3 61. Kxd3 Kf5 62. Re8 Rd7 63. Bc7 g5 64. Re7 1-0